<?xml version="1.0" encoding="UTF-8"?>
<collection xmlns="http://www.loc.gov/MARC21/slim">
 <record>
  <leader>01063nam a2200253 a 4500</leader>
  <controlfield tag="001">13332896</controlfield>
  <controlfield tag="008">090602s2005    nyua          001 0 eng d</controlfield>
  <datafield tag="010" ind1=" " ind2=" ">
   <subfield code="a">  2003057076</subfield>
  </datafield>
  <datafield tag="020" ind1=" " ind2=" ">
   <subfield code="a">0471401331 (cloth)</subfield>
  </datafield>
  <datafield tag="040" ind1=" " ind2=" ">
   <subfield code="a">DLC</subfield>
   <subfield code="c">DLC</subfield>
   <subfield code="d">DLC</subfield>
  </datafield>
  <datafield tag="082" ind1="0" ind2="0">
   <subfield code="a">657</subfield>
   <subfield code="2">22</subfield>
  </datafield>
  <datafield tag="100" ind1="1" ind2=" ">
   <subfield code="a">Kimmel, Paul D.</subfield>
  </datafield>
  <datafield tag="245" ind1="1" ind2="0">
   <subfield code="a">Principles of accounting :</subfield>
   <subfield code="b">tools for business decision making /</subfield>
   <subfield code="c">Paul D. Kimmel, Jerry J. Weygandt, Donald E. Kieso.</subfield>
  </datafield>
  <datafield tag="260" ind1=" " ind2=" ">
   <subfield code="a">New York :</subfield>
   <subfield code="b">J. Wiley,</subfield>
   <subfield code="c">2005.</subfield>
  </datafield>
  <datafield tag="300" ind1=" " ind2=" ">
   <subfield code="a">xl, 1076, [135] p. :</subfield>
   <subfield code="b">ill. ;</subfield>
   <subfield code="c">28 cm.</subfield>
  </datafield>
  <datafield tag="500" ind1=" " ind2=" ">
   <subfield code="a">Various multi-media instructional aids are available to supplement the text.</subfield>
  </datafield>
  <datafield tag="504" ind1=" " ind2=" ">
   <subfield code="a">Includes indexes.</subfield>
  </datafield>
  <datafield tag="541" ind1="1" ind2=" ">
   <subfield code="e">00014794</subfield>
  </datafield>
  <datafield tag="650" ind1=" " ind2="0">
   <subfield code="a">Accounting.</subfield>
  </datafield>
  <datafield tag="700" ind1="1" ind2=" ">
   <subfield code="a">Weygandt, Jerry J.</subfield>
  </datafield>
  <datafield tag="700" ind1="1" ind2=" ">
   <subfield code="a">Kieso, Donald E.</subfield>
  </datafield>
  <datafield tag="852" ind1="4" ind2=" ">
   <subfield code="a">Ayesha Abed Library </subfield>
   <subfield code="j">General Shelf.</subfield>
  </datafield>
  <datafield tag="999" ind1=" " ind2=" ">
   <subfield code="c">1413</subfield>
   <subfield code="d">1413</subfield>
  </datafield>
  <datafield tag="952" ind1=" " ind2=" ">
   <subfield code="0">0</subfield>
   <subfield code="1">3</subfield>
   <subfield code="2">ddc</subfield>
   <subfield code="4">0</subfield>
   <subfield code="6">657_000000000000000_KIM_2005</subfield>
   <subfield code="7">0</subfield>
   <subfield code="9">1291</subfield>
   <subfield code="a">BRACUL</subfield>
   <subfield code="b">BRACUL</subfield>
   <subfield code="c">GEN</subfield>
   <subfield code="d">2009-06-25</subfield>
   <subfield code="g">948.00</subfield>
   <subfield code="l">21</subfield>
   <subfield code="m">85</subfield>
   <subfield code="o">657 KIM</subfield>
   <subfield code="p">3010014794</subfield>
   <subfield code="r">2016-08-30</subfield>
   <subfield code="s">2016-08-05</subfield>
   <subfield code="t">1</subfield>
   <subfield code="w">2009-06-25</subfield>
   <subfield code="y">BK</subfield>
   <subfield code="x">Lost &amp; cost recovered by Ms Amel Chowdhury, PIN 6086, TK 948.00x2=1896</subfield>
  </datafield>
 </record>
</collection>
